Electrical Engineering Acronyms - Statistics

General Stats
  • This quiz has been taken 370 times
  • The average score is 8 of 27
Answer Stats
Acronym Answer % Correct
PCB Printed Circuit Board
75%
HV High Voltage
69%
BJT Bipolar Junction Transistor
59%
FPGA Field Programmable Gate Array
56%
MV Medium Voltage
55%
ADC Analog Digital Converter
46%
MOSFET Metal-Oxide-Semiconductor Field-Effect-Transistor
45%
GaN Gallium Nitride
40%
EMI Electromagnetic Interference
34%
DSP Digital Signal Processor
32%
MCU Micro Controller Unit
32%
SiC Silicon Carbide
32%
SMD Surface Mount Device
28%
DUT Device Under Test
24%
VLSI Very Large Scale Integration
23%
DIP Dual Inline Package
22%
BGA Ball Grid Array
18%
IGBT Insulated-Gate Bipolar Transistor
18%
THT Through Hole Technology
13%
MTBF Mean Time Between Failure
10%
SOIC Small Outline Integrated Circuit
9%
QFP Quad Flat Package
6%
SOT Small Outline Transistor
5%
WBGS Wide-Bandgap Semiconductor
4%
IGCT Integrated Gate-Commutated Thyristor
3%
SOA Safe Operating Area
3%
TSSOP Thin-Shrink Small Outline Package
3%
No matching quizzes found
Score Distribution
Percent of People with Each Score
Percentile by Number Answered
Your Score History
You have not taken this quiz